Diccionari català - castellà / presentació d'Antoni Dalmau ; pròleg d'Antoni M. Badia i Margarit
Descripción Física:
1300 p. ; 21 cm
Colección:
Diccionaris d'Enciclopèdia Catalana
Otros Autores:
Dalmau i Ribalta, Antoni, 1951-2022
,
Badia i Margarit, Antoni M. (Antoni Maria), 1920-2014
Materias:
Català -- Diccionaris -- Castellà
MARC
| LEADER | 00000nam a2200000Ia 4500 | ||
|---|---|---|---|
| 001 | 6149 | ||
| 008 | 160829s1987 xx 000 0 cat d | ||
| 080 | |a Sala Lectura | ||
| 245 | |a Diccionari català - castellà / presentació d'Antoni Dalmau ; pròleg d'Antoni M. Badia i Margarit | ||
| 260 | |a Barcelona : |b Enciclopèdia Catalana, |c 1987 | ||
| 300 | |a 1300 p. ; |c 21 cm | ||
| 490 | |a Diccionaris d'Enciclopèdia Catalana | ||
| 650 | |a Català |x Diccionaris |x Castellà |9 30116 | ||
| 700 | |a Dalmau i Ribalta, Antoni, |d 1951-2022 |9 25991 | ||
| 700 | |a Badia i Margarit, Antoni M. |q (Antoni Maria), |d 1920-2014 |e escriptor d'un pròleg |9 46231 | ||
| 901 | |a Arxiu | ||
| 942 | |n 1 |2 udc | ||
| 952 | |0 0 |1 0 |4 0 |6 SALA_LECTURA |7 1 |9 43927 |a Arxiu |b Arxiu |d 2016-12-01 |l 0 |o Sala Lectura |p 6149 |r 2016-12-01 00:00:00 |w 2016-12-01 |y ARXIU | ||
| 999 | |c 46507 |d 46507 | ||